=LDR 00000nam 2200000 4500 =001 INLIS000000000027743 =005 20130612130108 =008 ***********************************Ind** =035 ##$$0010-061300000027743 =041 ##$$a Ind =082 ##$$a F Rom K =090 ##$$a F Rom K, War j =100 ##$$a Wardana, Eka =245 ##$$a Jarwok ingin botak, Eka Wardhana ; penyunting, Kak Rani Yulianti =260 ##$$a 2006 $b Bandung =300 ##$$a 24 hlm, ilus, 15 cm =650 ##$$a Fiksi kanak-kanak =700 ##$$a Yulianty, Kak Rani =850 ##$$a NBPNMAT